Statistics for How fast can you type the alphabet?

Click here to take the quiz!

General Stats

  • This quiz has been taken 573 times
  • The average score is 23 of 26

Answer Stats

TypeYou% Correct
aa
100%
bb
100%
cc
99%
dd
98%
ee
98%
ff
95%
gg
94%
hh
94%
ii
94%
jj
94%
kk
92%
ll
92%
mm
91%
nn
88%
oo
87%
pp
87%
qq
87%
rr
86%
ss
86%
tt
85%
uu
84%
vv
84%
ww
80%
xx
76%
zz
74%
yy
73%

Score Distribution

Percentile by Number Answered

Percent of People with Each Score

Your Score History

You have not taken this quiz